[Event "MNT Team Cup"]
[Site "Herceg Novi"]
[Date "2022.05.20"]
[Round "1.2"]
[White "Krstonijevic, Stjepan"]
[Black "Savovic, Dragan"]
[Result "1-0"]
[WhiteElo "2156"]
[BlackElo "2108"]
[PlyCount "87"]
[EventDate "2022.05.20"]
[EventType "swiss"]
[EventRounds "5"]
[EventCountry "MNE"]
[SourceTitle "CBM 208 Extra"]
[Source "ChessBase"]
[SourceDate "2022.07.31"]
[SourceVersion "1"]
[SourceVersionDate "2022.07.31"]
[SourceQuality "1"]

1. d4 c5 2. d5 e5 3. Nc3 d6 4. e4 Be7 5. Nge2 Nf6 6. f3 0-0 7. g4 a6 8. a4 b6 9. Be3 Nbd7 10. h4 Rb8 11. Ng3 Ne8 12. Nf5 Nc7 13. Qd2 Kh8 14. h5 f6 15. Nh4 Rf7 16. Bd3 Nf8 17. Qe2 h6 18. Qd2 Nh7 19. Ne2 Ng5 20. Ng3 Kg8 21. Be2 Bd7 22. 0-0 Qe8 23. b3 Bf8 24. Bd3 Qc8 25. Ngf5 Ra8 26. Kg2 Ne8 27. f4 exf4 28. Bxf4 Qc7 29. Qe2 Bc8 30. Ne3 Qd8 31. Ng6 Raa7 32. Nf5 Rfc7 33. Rh1 Nf7 34. Raf1 Ne5 35. Bc4 Rf7 36. Bg3 Nc7 37. Bxe5 fxe5 38. Nxh6+ gxh6 39. Rxf7 Kxf7 40. Rf1+ Kg7 41. Rxf8 Qd7 42. Kg3 Ne8 43. Qf3 Qd8 44. Rg8+ 1-0

[Event "MNT-chT 1st League"]
[Site "Podgorica"]
[Date "2018.09.08"]
[Round "2.5"]
[White "Savovic, Dragan"]
[Black "Husovic, Nusret"]
[Result "1-0"]
[WhiteElo "2196"]
[BlackElo "1927"]
[PlyCount "103"]
[EventDate "2018.09.07"]
[EventType "team-tourn"]
[EventRounds "9"]
[EventCountry "MNE"]
[SourceTitle "CBM 187 Extra"]
[Source "ChessBase"]
[SourceDate "2018.11.04"]
[SourceVersion "1"]
[SourceVersionDate "2018.11.04"]
[SourceQuality "1"]
[WhiteTeam "Cetinje"]
[BlackTeam "Ibar"]
[WhiteTeamCountry "MNE"]
[BlackTeamCountry "MNE"]

1. e4 e5 2. Bc4 Nf6 3. d3 Nc6 4. Nf3 Be7 5. 0-0 d6 6. h3 0-0 7. c3 h6 8. Bb3 a5 9. Re1 b5 10. d4 Bb7 11. Qe2 Ba6 12. Nbd2 Qc8 13. Nf1 a4 14. Bc2 b4 15. Bd3 bxc3 16. bxc3 Bxd3 17. Qxd3 Qa6 18. Qd1 Qc4 19. Re3 Nh7 20. Ng3 Ng5 21. Nf5 Bf6 22. Nxg5 Bxg5 23. Rg3 Ne7 24. Nxe7+ Bxe7 25. Bxh6 g6 26. Bxf8 Bxf8 27. Qd3 Qe6 28. d5 Qd7 29. Rb1 Ra5 30. Rb8 c5 31. Qb1 Ra7 32. Re3 Kg7 33. Re2 a3 34. Qb3 Be7 35. Re1 Bg5 36. Rb1 Bd2 37. Qc2 Bg5 38. R1b5 Qc7 39. R8b6 Bh4 40. g3 Bf6 41. Rc6 Qd7 42. Kg2 Bd8 43. Rb3 Bc7 44. Qc1 Qc8 45. Rxa3 Qa8 46. Rxa7 Qxa7 47. Qc2 c4 48. a4 Qa5 49. Qb2 Bd8 50. Qb4 Qa7 51. Qxd6 Be7 52. Qxe5+ 1-0

[Event "MNT-chT 1st League"]
[Site "Podgorica"]
[Date "2014.09.14"]
[Round "6.3"]
[White "Perkovic, Radovan"]
[Black "Savovic, Dragan"]
[Result "0-1"]
[WhiteElo "2052"]
[BlackElo "2185"]
[PlyCount "110"]
[EventDate "2014.08.29"]
[EventType "team-tourn"]
[EventRounds "9"]
[EventCountry "MNE"]
[SourceTitle "EXT 2018"]
[Source "ChessBase"]
[SourceDate "2017.10.13"]
[SourceVersion "1"]
[SourceVersionDate "2017.10.13"]
[SourceQuality "1"]
[WhiteTeam "Dijagonale"]
[BlackTeam "Cetinje"]
[WhiteTeamCountry "MNE"]
[BlackTeamCountry "MNE"]

1. e4 c5 2. Nf3 g6 3. c3 Qa5 4. a4 Bg7 5. Bc4 d6 6. 0-0 Nc6 7. h3 e6 8. Re1 Nge7 9. d3 0-0 10. Nbd2 a6 11. Ba2 b5 12. Bb3 b4 13. Nc4 Qd8 14. cxb4 d5 15. exd5 exd5 16. Nce5 Nxb4 17. Be3 d4 18. Bg5 Be6 19. Nxf7 Bxb3 20. Qxb3 Qd5 21. Qxd5 Nexd5 22. Nh6+ Bxh6 23. Bxh6 Rxf3 24. gxf3 Nc2 25. Re5 Nxa1 26. Rxd5 Nb3 27. Rd7 Rc8 28. Rg7+ Kh8 29. Rb7 c4 30. dxc4 Nc5 31. Ra7 d3 32. b4 Nxa4 33. Rxa6 Nb2 34. c5 Nc4 35. Ra2 Kg8 36. Kf1 Kf7 37. Ke1 Kf6 38. Be3 Rb8 39. Rd2 Nxd2 40. Bxd2 Ke5 41. Bc3+ Kd5 42. Kd2 Kc4 43. Be5 Rxb4 44. c6 Rb6 45. c7 Rc6 46. h4 Kd5 47. f4 Ke4 48. f3+ Kxf3 49. Kxd3 Kg4 50. Ke4 Kxh4 51. Kd5 Rc2 52. Ke6 Kg4 53. Kf6 Rc6+ 54. Kg7 h5 55. Bd6 Kf5 0-1

[Event "MNT-chT 1st League"]
[Site "Podgorica"]
[Date "2014.09.12"]
[Round "4.3"]
[White "Pejovic, Milivoje"]
[Black "Savovic, Dragan"]
[Result "1/2-1/2"]
[WhiteElo "1955"]
[BlackElo "2185"]
[PlyCount "76"]
[EventDate "2014.08.29"]
[EventType "team-tourn"]
[EventRounds "9"]
[EventCountry "MNE"]
[SourceTitle "EXT 2018"]
[Source "ChessBase"]
[SourceDate "2017.10.13"]
[SourceVersion "1"]
[SourceVersionDate "2017.10.13"]
[SourceQuality "1"]
[WhiteTeam "7 Oktobar"]
[BlackTeam "Cetinje"]
[WhiteTeamCountry "MNE"]
[BlackTeamCountry "MNE"]

1. d4 c5 2. d5 d6 3. c4 e5 4. Nc3 Nf6 5. e4 Be7 6. f3 0-0 7. g4 Ne8 8. Nge2 Na6 9. Ng3 g6 10. Bh6 Ng7 11. Qd2 Nc7 12. Bd3 Bd7 13. 0-0-0 a6 14. Rdg1 b5 15. h4 bxc4 16. Bc2 Nb5 17. h5 g5 18. Nf5 Bxf5 19. exf5 f6 20. f4 exf4 21. Qe2 Nxc3 22. bxc3 Rf7 23. Re1 Ne8 24. Qxc4 Bf8 25. Bxf8 Kxf8 26. h6 Re7 27. Ba4 Re5 28. Bc6 Ra7 29. Rxe5 fxe5 30. Rh5 Qe7 31. Qb3 f3 32. Qb8 f2 33. Rh1 e4 34. Bxe8 Rb7 35. Qc8 Rc7 36. Qb8 Rb7 37. Qc8 Rc7 38. Qb8 Rb7 1/2-1/2

[Event "MNT-chT 1st League"]
[Site "Podgorica"]
[Date "2014.08.31"]
[Round "3.3"]
[White "Savovic, Dragan"]
[Black "Cetkovic, Miodrag"]
[Result "1-0"]
[WhiteElo "2185"]
[BlackElo "2183"]
[PlyCount "75"]
[EventDate "2014.08.29"]
[EventType "team-tourn"]
[EventRounds "9"]
[EventCountry "MNE"]
[SourceTitle "EXT 2018"]
[Source "ChessBase"]
[SourceDate "2017.10.13"]
[SourceVersion "1"]
[SourceVersionDate "2017.10.13"]
[SourceQuality "1"]
[WhiteTeam "Cetinje"]
[BlackTeam "Kotor"]
[WhiteTeamCountry "MNE"]
[BlackTeamCountry "MNE"]

1. e4 c5 2. Nc3 Nc6 3. d3 g6 4. g3 Bg7 5. Bg2 d6 6. Be3 Nf6 7. h3 0-0 8. Qd2 Nd4 9. Nge2 e5 10. f4 Rb8 11. 0-0 b5 12. g4 b4 13. Nd1 h5 14. g5 Nh7 15. h4 Nxe2+ 16. Qxe2 exf4 17. Bxf4 Bg4 18. Bf3 Bxf3 19. Qxf3 Qe7 20. Rb1 Bd4+ 21. Ne3 f6 22. Qg3 Rbd8 23. gxf6 Rxf6 24. Kg2 Bxe3 25. Bxe3 Re6 26. Bf4 c4 27. Rbe1 a5 28. dxc4 Qg7 29. e5 dxe5 30. Rxe5 Rd2+ 31. Rf2 Rxf2+ 32. Kxf2 Qf7 33. Rxe6 Qxe6 34. Qd3 Qb6+ 35. Kg2 Nf8 36. Qd6 Qa7 37. Bh6 Qb7+ 38. Kg3 1-0

[Event "MNT-chT"]
[Site "Cetinje"]
[Date "2013.06.28"]
[Round "5.6"]
[White "Draganic, Veljko"]
[Black "Savovic, Dragan"]
[Result "1-0"]
[WhiteElo "2267"]
[BlackElo "2227"]
[PlyCount "39"]
[EventDate "2013.06.24"]
[EventType "team-tourn"]
[EventRounds "9"]
[EventCountry "MNE"]
[SourceTitle "CBM 155 Extra"]
[Source "ChessBase"]
[SourceDate "2013.08.26"]
[SourceVersion "1"]
[SourceVersionDate "2013.08.26"]
[SourceQuality "1"]
[WhiteTeam "Mimoza"]
[BlackTeam "Bemax"]
[WhiteTeamCountry "MNE"]
[BlackTeamCountry "MNE"]

1. e4 d5 2. exd5 Qxd5 3. Nf3 Bg4 4. Be2 e5 5. 0-0 Nc6 6. Nc3 Qe6 7. Re1 Nf6 8. h3 h5 9. hxg4 hxg4 10. Ng5 Qf5 11. d4 g3 12. fxg3 Nxd4 13. Qxd4 exd4 14. Bg4+ Qe6 15. Bxe6 fxe6 16. Nb5 0-0-0 17. Nxe6 Rd5 18. Nbxd4 Ng4 19. Nxf8 Rxf8 20. Nf3 1-0

[Event "MNT-chT"]
[Site "Cetinje"]
[Date "2010.08.01"]
[Round "9"]
[White "Mrsevic, Miroslav"]
[Black "Savovic, Dragan"]
[Result "1-0"]
[WhiteElo "2304"]
[BlackElo "2251"]
[PlyCount "65"]
[EventDate "2010.07.24"]
[EventType "team-swiss"]
[EventRounds "9"]
[EventCountry "MNE"]
[SourceTitle "CBM 137 Extra"]
[Source "ChessBase"]
[SourceDate "2010.09.01"]
[SourceVersion "1"]
[SourceVersionDate "2010.09.01"]
[SourceQuality "1"]

1. e4 c5 2. Nf3 e6 3. d3 Nc6 4. g3 g6 5. Bg2 Bg7 6. 0-0 Nge7 7. Re1 d6 8. c3 e5 9. a3 0-0 10. b4 b6 11. Bb2 Qc7 12. h3 a5 13. b5 Nd8 14. a4 Bb7 15. Na3 Ne6 16. Qb3 Rad8 17. h4 h6 18. Re2 Rfe8 19. Rae1 Bc8 20. Nc4 Nf8 21. d4 Be6 22. d5 Bc8 23. Nh2 f6 24. f4 Nh7 25. Bc1 Rf8 26. Rf2 g5 27. hxg5 fxg5 28. fxe5 Rxf2 29. Kxf2 Rf8+ 30. Kg1 Bxe5 31. Nxe5 dxe5 32. d6+ c4 33. Qd1 1-0

[Event "MNT-chT"]
[Site "Cetinje"]
[Date "2010.07.24"]
[Round "1"]
[White "Bukvic, Mihailo"]
[Black "Savovic, Dragan"]
[Result "0-1"]
[WhiteElo "2178"]
[BlackElo "2251"]
[PlyCount "158"]
[EventDate "2010.07.24"]
[EventType "team-swiss"]
[EventRounds "9"]
[EventCountry "MNE"]
[SourceTitle "CBM 137 Extra"]
[Source "ChessBase"]
[SourceDate "2010.09.01"]
[SourceVersion "1"]
[SourceVersionDate "2010.09.01"]
[SourceQuality "1"]

1. e4 c5 2. Nf3 Nc6 3. d4 cxd4 4. Nxd4 g6 5. Nc3 Bg7 6. Be3 Nf6 7. Be2 0-0 8. 0-0 d6 9. Qd2 Nxd4 10. Bxd4 Be6 11. Bf3 a6 12. Nd5 Nd7 13. Bxg7 Kxg7 14. Nf4 Bc4 15. Be2 Rc8 16. b3 Bxe2 17. Nxe2 b5 18. Qd4+ Kg8 19. Rfc1 Ne5 20. f4 Nc6 21. Qe3 Qa5 22. c3 Qa3 23. Rd1 Rfd8 24. Rd2 Na5 25. Rad1 b4 26. cxb4 Nc4 27. Qd4 Nxd2 28. Qxd2 Rb8 29. Nd4 Rdc8 30. f5 Qxb4 31. Qh6 Qc5 32. Kf1 Qe5 33. Nf3 Qg7 34. Qh4 Rb7 35. Qf4 h6 36. fxg6 fxg6 37. Qg4 Rbc7 38. Rd2 Rc2 39. h4 R8c5 40. Ke2 Rxd2+ 41. Nxd2 Rc2 42. a4 Kh7 43. Qd7 a5 44. Qa7 Qe5 45. Qe3 Rc3 46. Qa7 Kg7 47. Qb7 Rc2 48. Kd1 Ra2 49. Qd5 Kf6 50. Qa8 Qc5 51. Qf8+ Ke6 52. Qxh6 Qg1+ 53. Ke2 Qxg2+ 54. Kd3 Qg3+ 55. Ke2 Kd7 56. Qg5 Qxg5 57. hxg5 Kc6 58. Kd3 Kc5 59. Kc3 Rxd2 60. Kxd2 Kb4 61. Kc2 e6 62. Kb2 d5 63. exd5 exd5 64. Kc2 d4 65. Kd3 Kxb3 66. Kxd4 Kxa4 67. Kc4 Ka3 68. Kc3 a4 69. Kc2 Kb4 70. Kb2 Kc4 71. Ka3 Kd5 72. Kxa4 Ke5 73. Kb4 Kf5 74. Kc4 Kxg5 75. Kd3 Kf4 76. Ke2 Kg3 77. Kf1 g5 78. Kg1 g4 79. Kf1 Kh2 0-1

[Event "MNT-chT"]
[Site "Tivat"]
[Date "2010.04.25"]
[Round "3"]
[White "Savovic, Dragan"]
[Black "Kalezic, Blazo"]
[Result "0-1"]
[WhiteElo "2248"]
[BlackElo "2448"]
[PlyCount "74"]
[EventDate "2010.04.03"]
[EventType "team"]
[EventRounds "6"]
[EventCountry "MNE"]
[SourceTitle "CBM 136 Extra"]
[Source "ChessBase"]
[SourceDate "2010.07.02"]
[SourceVersion "2"]
[SourceVersionDate "2010.07.15"]
[SourceQuality "1"]

1. e4 e6 2. b3 d5 3. Bb2 Nf6 4. e5 Nfd7 5. d4 c5 6. c3 Nc6 7. Nf3 f6 8. exf6 Nxf6 9. Bd3 Bd6 10. 0-0 0-0 11. Re1 Qc7 12. Qe2 cxd4 13. cxd4 Nb4 14. Nbd2 Nxd3 15. Qxd3 Bd7 16. Ne5 Bxe5 17. dxe5 Ne4 18. Nxe4 dxe4 19. Rxe4 Bc6 20. Ree1 Rad8 21. Qe2 Qf7 22. f3 Qg6 23. Rf1 a6 24. Rf2 Rd3 25. f4 Rfd8 26. Ba3 R8d4 27. Bc5 Rd5 28. b4 h5 29. Raf1 Qf5 30. h3 Rg3 31. Rf3 Rg6 32. Kh2 Bb5 33. Qe1 Bxf1 34. Rxf1 Rd3 35. Be7 Rxg2+ 36. Kxg2 Qxh3+ 37. Kg1 Qg4+ 0-1

[Event "MNT-chT"]
[Site "Cetinje"]
[Date "2009.10.23"]
[Round "7"]
[White "Knezevic, Milorad J"]
[Black "Savovic, Dragan"]
[Result "0-1"]
[WhiteElo "2212"]
[BlackElo "2247"]
[PlyCount "115"]
[EventDate "2009.09.18"]
[EventType "team-tourn"]
[EventRounds "9"]
[EventCountry "MNE"]
[SourceTitle "EXT 2011"]
[Source "ChessBase"]
[SourceDate "2010.11.26"]
[SourceVersion "1"]
[SourceVersionDate "2010.11.26"]
[SourceQuality "1"]

1. e4 c5 2. Nf3 Nc6 3. d4 cxd4 4. Nxd4 g6 5. Nxc6 bxc6 6. Qd4 Nf6 7. e5 Ng8 8. e6 Nf6 9. exf7+ Kxf7 10. Bc4+ d5 11. Bd3 Bg7 12. Qc5 Qc7 13. Nc3 Nd7 14. Qe3 Rf8 15. Qe2 e5 16. Ba6 Kg8 17. Bxc8 Raxc8 18. 0-0 Rce8 19. Bg5 e4 20. Nd1 Rf5 21. Bh4 Be5 22. Bg3 Bxg3 23. hxg3 Ne5 24. Ne3 Rh5 25. Ng4 Qg7 26. Nxe5 Qh6 27. f4 exf3 28. Qxf3 Rh1+ 29. Kf2 Rxf1+ 30. Rxf1 Rf8 31. Ke2 Rxf3 32. Rxf3 Qc1 33. Rc3 Qxb2 34. Kd2 c5 35. Nd3 Qxa2 36. Rxc5 a5 37. Ne5 Kg7 38. g4 Kf6 39. Nf3 a4 40. Rc6+ Ke7 41. Kd3 Qb1 42. Kd4 Qd1+ 43. Ke5 Qe2+ 44. Kxd5 Qxg2 45. Rc3 Qxg4 46. Nd4 Qd7+ 47. Ke4 h5 48. Nc6+ Kf6 49. Rf3+ Kg5 50. Rg3+ Kh6 51. Rxg6+ Kxg6 52. Ne5+ Kg5 53. Nxd7 a3 54. Nc5 Kg4 55. Ke3 Kg3 56. Ne4+ Kg2 57. c4 a2 58. Nc3 0-1

[Event "MNT CupT"]
[Site "Montenegro"]
[Date "2009.04.12"]
[Round "2"]
[White "Savovic, Dragan"]
[Black "Petijevic, Vaso"]
[Result "0-1"]
[WhiteElo "2257"]
[BlackElo "2287"]
[PlyCount "62"]
[EventDate "2009.04.05"]
[EventType "team"]
[EventRounds "5"]
[EventCountry "MNE"]
[SourceTitle "EXT 2019"]
[Source "ChessBase"]
[SourceDate "2018.10.10"]
[SourceVersion "1"]
[SourceVersionDate "2018.10.10"]
[SourceQuality "1"]

1. e4 c5 2. Nc3 Nc6 3. g3 g6 4. Bg2 Bg7 5. d3 d6 6. f4 e6 7. Nf3 Nge7 8. 0-0 0-0 9. g4 f5 10. gxf5 exf5 11. Be3 Nd4 12. Qd2 Kh8 13. Rab1 Nxf3+ 14. Bxf3 Be6 15. Bg2 Rc8 16. Nd5 fxe4 17. Nxe7 Qxe7 18. dxe4 Bxa2 19. Ra1 Bc4 20. Rfd1 Rcd8 21. Rxa7 Ba6 22. Qa5 Qf6 23. c3 Bh6 24. Qa1 Bxf4 25. Bxf4 Qxf4 26. b4 Qe3+ 27. Kh1 c4 28. Rd4 Rf2 29. b5 Re2 30. Qg1 Re1 31. Bf1 Qf3+ 0-1

[Event "MNT-chT 2nd League"]
[Site "Podgorica"]
[Date "2008.09.06"]
[Round "1.2"]
[White "Zekovic, Milan"]
[Black "Savovic, Dragan"]
[Result "0-1"]
[WhiteElo "2105"]
[BlackElo "2257"]
[PlyCount "114"]
[EventDate "2008.09.06"]
[EventType "team-tourn"]
[EventRounds "7"]
[EventCountry "MNE"]
[SourceTitle "EXT 2020"]
[Source "ChessBase"]
[SourceDate "2019.10.17"]
[SourceVersion "1"]
[SourceVersionDate "2019.10.17"]
[SourceQuality "1"]

1. e4 c5 2. Nf3 Nc6 3. Nc3 e6 4. d4 cxd4 5. Nxd4 Qc7 6. Be2 a6 7. Be3 Nf6 8. Qd2 Bb4 9. f3 d5 10. a3 Bd6 11. exd5 exd5 12. Bg5 Nxd4 13. Bxf6 Nxc2+ 14. Qxc2 gxf6 15. 0-0-0 Be6 16. Nxd5 Qa5 17. Nc3 Be5 18. Qa4+ Qxa4 19. Nxa4 Bb3 20. Nb6 Bxd1 21. Bxd1 Rd8 22. Ba4+ Kf8 23. Bc2 Kg7 24. Be4 Rd6 25. Nd5 f5 26. Ne7 fxe4 27. Nf5+ Kf6 28. Nxd6 Bxd6 29. fxe4 Ke5 30. Rf1 Rf8 31. Rd1 Rc8+ 32. Kb1 Rc4 33. Rd5+ Ke6 34. Rh5 Rxe4 35. Rh6+ Ke7 36. Rxh7 Re2 37. g3 Be5 38. b4 Rb2+ 39. Kc1 Rb3 40. Rh5 Ke6 41. Rh6+ f6 42. g4 Rxa3 43. Rh7 b5 44. h4 Bd6 45. Kb2 Bxb4 46. g5 fxg5 47. hxg5 Rg3 48. Rh6+ Kd5 49. Rxa6 Rxg5 50. Rf6 Bc5 51. Rf3 Kc4 52. Rc3+ Kb4 53. Rb3+ Ka4 54. Rd3 Rg2+ 55. Kb1 b4 56. Rh3 Bd4 57. Rd3 Bc3 0-1